Taper les nombres de 1 a 15 en 15 secondes - Statistiques

Statistiques générales
  • Ce quiz a été pris 272 fois
  • Le résultat moyen est 14 sur 15
Statistiques - réponses
Nombre Répéter le nombre % Correct
1 1
100%
2 2
99%
3 3
98%
5 5
97%
10 10
96%
11 11
96%
4 4
96%
6 6
96%
9 9
96%
12 12
95%
13 13
95%
7 7
95%
8 8
95%
14 14
93%
15 15
93%
Aucun quiz correspondant
Distribution des résultats
% des personnes avec chaque résultat
Percentile par nombre de réponses
Votre historique - résultats
Vous n’avez pas pris ce quiz